Premier League Players by Name - K - Statistics

General Stats
  • This quiz has been taken 22 times
  • The average score is 15 of 24
Answer Stats
Position Club Nation Player % Correct
MF Chelsea France N'Golo Kante
100%
FW Tottenham Hotspur England Harry Kane
94%
GK Chelsea Spain Kepa
94%
MF Chelsea Croatia Mateo Kovacic
88%
MF Liverpool Guinea Naby Keita
88%
DF Arsenal Bosnia-Herzegovina Sead Kolasinac
82%
GK Liverpool Germany Loris Karius
76%
DF Everton England Michael Keane
76%
DF Liverpool France Ibrahima Konate
71%
FW Watford Norway Joshua King
71%
DF Leeds United Germany Robin Koch
71%
GK Norwich City Netherlands Tim Krul
71%
MF Leeds United Poland Mateusz Klich
65%
GK Liverpool Ireland Caoimhin Kelleher
59%
MF Crystal Palace Senegal Cheikhou Kouyate
53%
DF Newcastle United Sweden Emil Krafth
53%
DF Norwich City Turkey Ozan Kabak
53%
DF Aston Villa England Ezri Konsa
47%
DF Wolves England Max Kilman
47%
DF Watford Belgium Christian Kabasele
41%
MF Watford Slovakia Juraj Kucka
35%
DF Crystal Palace England Martin Kelly
35%
DF Everton England Jonjoe Kenny
24%
GK Leeds United Norway Kristoffer Klaesson
18%
No matching quizzes found
Score Distribution
Percent of People with Each Score
Percentile by Number Answered
Your Score History
You have not taken this quiz